000 00540nam a2200157 a 4500
001 000030379
005 20200930062300.0
008 110516s2005 dr af 000 | spa d
040 _aDO-SdBNP
_bspa
_cBNPHU
082 _axxx
_bF418i
111 2 _aFestival Antropológico de Culturas Afroamericanas (
_n11 :
_cSanto Domingo :
_d2005)
_957020
245 1 0 _aInfluencias africanas en las artes populares dominicanas.
260 _aSanto Domingo :
_bCentro Cultural Español,
_c[2005].
300 _a[16] p. :
_bil., lám. ;
_c23 cm.
049 _aBNPD
999 _c29871
_d29871